[Event "DSJ Weihnachtsturnier U20 2020"]
[Site "https://play.chessbase.com/en/play?room=DSJWeihnachtU20"]
[Date "2020.12.29"]
[Round "1"]
[White "Roseneck, Jonas"]
[Black "Arndt, Magnus"]
[Result "1-0"]
[Termination "normal"]
[Board "3.1"]
[WhiteTitle "FM"]
[WhiteElo "2401"]
[BlackElo "2282"]
[WhiteTeam "SG Aufbau Elbe Magdeburg"]
[BlackTeam "SK Doppelbauer Kiel"]
[PlyCount "75"]
[WhiteFideId "12939870"]
[BlackFideId "12998656"]
[EventRounds "7"]
[EventType "team-swiss"]
[EventDate "2020.12.29"]

1. e4 {[%emt 0:00:04]} e5 {[%emt 0:00:01]} 2. Nf3 {[%emt 0:00:01]} Nc6 { [%emt
0:00:02]} 3. Bb5 {[%emt 0:00:01]} a6 {[%emt 0:00:02]} 4. Ba4 {[%emt 0:00:01]}
Nf6 {[%emt 0:00:05]} 5. O-O {[%emt 0:00:03]} Be7 {[%emt 0:00:04]} 6. Re1 {
[%emt 0:00:02]} b5 {[%emt 0:00:05]} 7. Bb3 {[%emt 0:00:01]} O-O {[%emt 0:00:03]
} 8. Nc3 {[%emt 0:00:02]} d6 {[%emt 0:00:43]} 9. Nd5 {[%emt 0:00:02]} Na5 {
[%emt 0:00:21]} 10. d4 {[%emt 0:01:19]} Nxb3 {[%emt 0:01:27]} 11. axb3 { [%emt
0:00:02]} c6 {[%emt 0:00:01]} 12. Nxf6+ {[%emt 0:01:26]} Bxf6 {[%emt 0:00:03]}
13. c3 {[%emt 0:00:02]} Re8 {[%emt 0:01:30]} 14. h3 {[%emt 0:00:08]} h6 {[%emt
0:00:12]} 15. b4 {[%emt 0:00:02]} Qc7 {[%emt 0:01:42]} 16. Be3 {[%emt 0:00:24]}
exd4 {[%emt 0:01:16]} 17. Bxd4 {[%emt 0:00:02]} Bxd4 {[%emt 0:00:01]} 18. cxd4
{[%emt 0:00:05]} c5 {[%emt 0:00:38]} 19. dxc5 {[%emt 0:02:01]} dxc5 { [%emt
0:00:00]} 20. Qd5 {[%emt 0:00:01]} Bb7 {[%emt 0:00:02]} 21. Qxc5 { [%emt
0:00:01]} Rac8 {[%emt 0:00:04]} 22. Qa7 {[%emt 0:02:32]} Rxe4 {[%emt 0:01:23]}
23. Rxe4 {[%emt 0:01:19]} Bxe4 {[%emt 0:00:00]} 24. Qxc7 {[%emt 0:00:01]} Rxc7
{[%emt 0:00:02]} 25. Nd2 {[%emt 0:00:00]} Bb7 {[%emt 0:00:07]} 26. Nb3 {[%emt
0:00:01]} Rc2 {[%emt 0:00:42]} 27. Nc5 {[%emt 0:00:03]} Bd5 { [%emt 0:00:10]}
28. b3 {[%emt 0:00:06]} Rc3 {[%emt 0:00:05]} 29. Kh2 {[%emt 0:00:18]} f6 {[%emt
0:00:04]} 30. Rxa6 {[%emt 0:00:04]} Kf7 {[%emt 0:00:04]} 31. Ra5 {[%emt
0:00:07]} Rc2 {[%emt 0:00:02]} 32. Kg3 {[%emt 0:00:07]} h5 {[%emt 0:00:01]} 33.
Ra7+ {[%emt 0:00:25]} Kg6 {[%emt 0:00:02]} 34. h4 {[%emt 0:00:01]} Bc6 {[%emt
0:00:01]} 35. Rc7 {[%emt 0:00:01]} Be8 {[%emt 0:00:01]} 36. Re7 { [%emt
0:00:03]} Bc6 {[%emt 0:00:02]} 37. Ne6 {[%emt 0:00:03]} Bd5 {[%emt 0:00:02]}
38. Nf4+ {[%emt 0:00:04]} 1-0

[Event "DSJ Weihnachtsturnier U20 2020"]
[Site "https://play.chessbase.com/en/play?room=DSJWeihnachtU20"]
[Date "2020.12.29"]
[Round "1"]
[White "Nagy, Lukas"]
[Black "Sieber, Fiona"]
[Result "0-1"]
[Termination "normal"]
[Board "3.2"]
[BlackTitle "WIM"]
[WhiteElo "1704"]
[BlackElo "2275"]
[WhiteTeam "SK Doppelbauer Kiel"]
[BlackTeam "SG Aufbau Elbe Magdeburg"]
[PlyCount "130"]
[WhiteFideId "16246098"]
[BlackFideId "12902373"]
[EventRounds "7"]
[EventType "team-swiss"]
[EventDate "2020.12.29"]

1. e4 {[%emt 0:00:11]} c5 {[%emt 0:00:03]} 2. Nf3 {[%emt 0:00:05]} d6 {[%emt
0:00:02]} 3. d4 {[%emt 0:00:02]} cxd4 {[%emt 0:00:03]} 4. Nxd4 {[%emt 0:00:00]}
Nf6 {[%emt 0:00:04]} 5. Nc3 {[%emt 0:00:02]} Nc6 {[%emt 0:00:07]} 6. Bb5 {
[%emt 0:00:12]} Bd7 {[%emt 0:00:03]} 7. O-O {[%emt 0:00:11]} e6 {[%emt 0:00:20]
} 8. Nxc6 {[%emt 0:00:15]} bxc6 {[%emt 0:00:02]} 9. Bd3 {[%emt 0:00:03]} Be7 {
[%emt 0:00:02]} 10. Kh1 {[%emt 0:00:36]} O-O {[%emt 0:00:19]} 11. f4 {[%emt
0:00:06]} Qa5 {[%emt 0:00:17]} 12. Qf3 {[%emt 0:00:13]} Qh5 {[%emt 0:00:21]}
13. Qxh5 {[%emt 0:00:24]} Nxh5 {[%emt 0:00:01]} 14. Be3 {[%emt 0:00:29]} Rab8 {
[%emt 0:00:14]} 15. Rab1 {[%emt 0:00:06]} c5 {[%emt 0:00:29]} 16. g4 {[%emt
0:00:38]} Nf6 {[%emt 0:00:06]} 17. Be2 {[%emt 0:00:12]} d5 {[%emt 0:00:09]} 18.
exd5 {[%emt 0:00:56]} exd5 {[%emt 0:00:57]} 19. g5 {[%emt 0:00:34]} d4 { [%emt
0:00:17]} 20. gxf6 {[%emt 0:00:03]} Bxf6 {[%emt 0:00:02]} 21. Ne4 { [%emt
0:00:53]} Bc6 {[%emt 0:00:02]} 22. Bf3 {[%emt 0:00:10]} Bxe4 {[%emt 0:00:01]}
23. Bxe4 {[%emt 0:00:01]} dxe3 {[%emt 0:00:01]} 24. Rfe1 {[%emt 0:00:03]} Rxb2
{[%emt 0:00:09]} 25. Rxb2 {[%emt 0:00:05]} Bxb2 {[%emt 0:00:02]} 26. Rxe3
{[%emt 0:00:02]} Rd8 {[%emt 0:00:16]} 27. Rd3 {[%emt 0:00:06]} Re8 {[%emt
0:00:12]} 28. Bf3 {[%emt 0:00:40]} g6 {[%emt 0:00:08]} 29. Rb3 {[%emt 0:00:08]}
Bd4 {[%emt 0:00:06]} 30. Rb7 {[%emt 0:00:08]} Re1+ {[%emt 0:00:17]} 31. Kg2 {
[%emt 0:00:02]} Rc1 {[%emt 0:00:02]} 32. Be4 {[%emt 0:00:18]} c4 {[%emt
0:00:36]} 33. Kf3 {[%emt 0:00:31]} Rf1+ {[%emt 0:00:35]} 34. Kg3 {[%emt
0:00:06]} Be3 {[%emt 0:00:12]} 35. f5 {[%emt 0:00:28]} gxf5 {[%emt 0:00:00]}
36. Bd5 { [%emt 0:00:01]} f4+ {[%emt 0:00:11]} 37. Kg4 {[%emt 0:00:07]} Kg7
{[%emt 0:00:20]} 38. Bxc4 {[%emt 0:00:13]} Rg1+ {[%emt 0:00:28]} 39. Kf3 {[%emt
0:00:22]} Rh1 {[%emt 0:00:23]} 40. Rxf7+ {[%emt 0:00:24]} Kg6 {[%emt 0:00:02]}
41. Rd7 { [%emt 0:00:15]} Rxh2 {[%emt 0:00:05]} 42. Bd3+ {[%emt 0:00:05]} Kg5
{[%emt 0:00:17]} 43. Rxh7 {[%emt 0:00:08]} Rf2+ {[%emt 0:00:09]} 44. Ke4 {[%emt
0:00:01] } Rd2 {[%emt 0:00:17]} 45. Rh1 {[%emt 0:00:15]} Kg4 {[%emt 0:00:07]}
46. Rf1 { [%emt 0:00:05]} Rh2 {[%emt 0:00:12]} 47. a4 {[%emt 0:00:04]} Rh8
{[%emt 0:00:11]} 48. Rd1 {[%emt 0:00:07]} Re8+ {[%emt 0:00:03]} 49. Kd5 {[%emt
0:00:02]} f3 {[%emt 0:00:02]} 50. c4 {[%emt 0:00:03]} f2 {[%emt 0:00:07]} 51.
c5 {[%emt 0:00:04]} Rd8+ {[%emt 0:00:15]} 52. Kc4 {[%emt 0:00:03]} Rc8 {[%emt
0:00:06]} 53. Kb5 {[%emt 0:00:06]} Rxc5+ {[%emt 0:00:02]} 54. Ka6 {[%emt
0:00:02]} Rc3 { [%emt 0:00:04]} 55. Be2+ {[%emt 0:00:01]} Kf4 {[%emt 0:00:06]}
56. a5 {[%emt 0:00:01]} Ra3 {[%emt 0:00:04]} 57. Kb5 {[%emt 0:00:01]} Ra2
{[%emt 0:00:04]} 58. Bf1 {[%emt 0:00:02]} Kf3 {[%emt 0:00:08]} 59. a6 {[%emt
0:00:01]} Rc2 {[%emt 0:00:12]} 60. Rb1 {[%emt 0:00:02]} Rc1 {[%emt 0:00:03]}
61. Rxc1 {[%emt 0:00:01]} Bxc1 {[%emt 0:00:01]} 62. Kc6 {[%emt 0:00:01]} Kg3
{[%emt 0:00:04]} 63. Kb7 { [%emt 0:00:02]} Be3 {[%emt 0:00:01]} 64. Kc6 {[%emt
0:00:02]} Kh2 {[%emt 0:00:01]} 65. Kd5 {[%emt 0:00:02]} Kg1 {[%emt 0:00:01]}
0-1

[Event "DSJ Weihnachtsturnier U20 2020"]
[Site "https://play.chessbase.com/en/play?room=DSJWeihnachtU20"]
[Date "2020.12.29"]
[Round "1"]
[White "Biastoch, Bennet"]
[Black "Rempe, Mieke"]
[Result "1-0"]
[Termination "time forfeit"]
[Board "3.3"]
[WhiteTitle "FM"]
[WhiteElo "2266"]
[BlackElo "1669"]
[WhiteTeam "SG Aufbau Elbe Magdeburg"]
[BlackTeam "SK Doppelbauer Kiel"]
[PlyCount "45"]
[WhiteFideId "12939889"]
[BlackFideId "16202384"]
[EventRounds "7"]
[EventType "team-swiss"]
[EventDate "2020.12.29"]

1. e4 {[%emt 0:00:04]} c6 {[%emt 0:00:07]} 2. d4 {[%emt 0:00:02]} d5 {[%emt
0:00:11]} 3. Nd2 {[%emt 0:00:01]} dxe4 {[%emt 0:00:22]} 4. Nxe4 {[%emt
0:00:00]} Nd7 {[%emt 0:00:21]} 5. Ng5 {[%emt 0:00:09]} Ngf6 {[%emt 0:00:29]} 6.
Bd3 { [%emt 0:00:06]} e6 {[%emt 0:00:36]} 7. Qe2 {[%emt 0:00:52]} Bd6 {[%emt
0:00:34] } 8. N1f3 {[%emt 0:00:04]} h6 {[%emt 0:00:49]} 9. Ne4 {[%emt 0:00:37]}
Nxe4 { [%emt 0:00:13]} 10. Bxe4 {[%emt 0:00:00]} Nf6 {[%emt 0:01:21]} 11. Bd3 {
[%emt 0:00:20]} Nd5 {[%emt 0:00:59]} 12. O-O {[%emt 0:00:23]} O-O {[%emt
0:00:16]} 13. c4 {[%emt 0:00:42]} Nf4 {[%emt 0:00:46]} 14. Bxf4 {[%emt
0:00:03]} Bxf4 {[%emt 0:00:03]} 15. Qe4 {[%emt 0:00:01]} Bxh2+ {[%emt 0:01:27]}
16. Kxh2 {[%emt 0:00:18]} f5 {[%emt 0:01:20]} 17. Qe5 {[%emt 0:00:23]} Rf6
{[%emt 0:00:30]} 18. Rfe1 {[%emt 0:00:20]} b6 {[%emt 0:00:09]} 19. d5 {[%emt
0:00:38]} cxd5 {[%emt 0:00:03]} 20. cxd5 {[%emt 0:00:02]} Qxd5 {[%emt 0:00:05]}
21. Qxd5 { [%emt 0:00:02]} exd5 {[%emt 0:00:02]} 22. Re8+ {[%emt 0:00:02]} Kf7
{[%emt 0:00:03] '} 23. Rae1 {[%emt 0:00:03] TimeB} 1-0

[Event "DSJ Weihnachtsturnier U20 2020"]
[Site "https://play.chessbase.com/en/play?room=DSJWeihnachtU20"]
[Date "2020.12.29"]
[Round "1"]
[White "Malinowsky, Celina"]
[Black "Hoffmann, Lennard"]
[Result "0-1"]
[Termination "normal"]
[Board "3.4"]
[WhiteElo "1372"]
[BlackElo "2022"]
[WhiteTeam "SK Doppelbauer Kiel"]
[BlackTeam "SG Aufbau Elbe Magdeburg"]
[PlyCount "100"]
[WhiteFideId "16266986"]
[BlackFideId "12943495"]
[EventRounds "7"]
[EventType "team-swiss"]
[EventDate "2020.12.29"]

1. e4 {[%emt 0:00:04]} c5 {[%emt 0:00:02]} 2. Nc3 {[%emt 0:00:08]} Nc6 { [%emt
0:00:04]} 3. Bc4 {[%emt 0:00:06]} e6 {[%emt 0:00:02]} 4. d3 {[%emt 0:00:05]} g6
{[%emt 0:00:07]} 5. f4 {[%emt 0:00:04]} Bg7 {[%emt 0:00:02]} 6. Nf3 { [%emt
0:00:04]} Nge7 {[%emt 0:00:01]} 7. O-O {[%emt 0:00:02]} O-O {[%emt 0:00:01]} 8.
a3 {[%emt 0:00:02]} d5 {[%emt 0:00:03]} 9. Ba2 {[%emt 0:00:03]} Rb8 { [%emt
0:00:05]} 10. Qe1 {[%emt 0:00:06]} b5 {[%emt 0:00:04]} 11. Qh4 {[%emt 0:00:15]}
b4 {[%emt 0:00:49]} 12. Ne2 {[%emt 0:00:20]} dxe4 {[%emt 0:00:11]} 13. dxe4
{[%emt 0:00:23]} Ba6 {[%emt 0:00:08]} 14. Re1 {[%emt 0:00:40]} Bxe2 { [%emt
0:00:22]} 15. Rxe2 {[%emt 0:00:03]} bxa3 {[%emt 0:00:00]} 16. Rb1 { [%emt
0:00:19]} axb2 {[%emt 0:00:06]} 17. Be3 {[%emt 0:00:10]} Nd4 {[%emt 0:00:07]}
18. Bxd4 {[%emt 0:00:59]} Bxd4+ {[%emt 0:00:10]} 19. Kh1 {[%emt 0:00:11]} Nc6
{[%emt 0:00:10]} 20. Ng5 {[%emt 0:00:30]} h5 {[%emt 0:00:06]} 21. g4 { [%emt
0:00:33]} Qa5 {[%emt 0:02:20]} 22. Bb3 {[%emt 0:00:24]} c4 {[%emt 0:01:41]} 23.
Bxc4 {[%emt 0:00:19]} Bf6 {[%emt 0:00:17]} 24. gxh5 {[%emt 0:00:10]} Bxg5
{[%emt 0:00:10]} 25. fxg5 {[%emt 0:00:07]} Ne5 {[%emt 0:00:06]} 26. Bb3 { [%emt
0:00:16]} Nf3 {[%emt 0:00:45]} 27. Qg3 {[%emt 0:00:43]} Qa1 {[%emt 0:01:09]}
28. Rxa1 {[%emt 0:01:02]} bxa1=Q+ {[%emt 0:00:02]} 29. Kg2 {[%emt 0:00:01] }
Nd4 {[%emt 0:00:18]} 30. Re3 {[%emt 0:00:24]} Nxb3 {[%emt 0:00:05]} 31. cxb3
{[%emt 0:00:07]} Qb2+ {[%emt 0:00:01]} 32. Kh3 {[%emt 0:00:01]} Rbd8 {[%emt
0:00:06]} 33. h6 {[%emt 0:00:02]} Rd2 {[%emt 0:00:05]} 34. Kg4 {[%emt 0:00:14]}
Rg2 {[%emt 0:00:03]} 35. Qxg2 {[%emt 0:00:04]} Qxg2+ {[%emt 0:00:02]} 36. Kf4 {
[%emt 0:00:03]} Qxh2+ {[%emt 0:00:01]} 37. Kf3 {[%emt 0:00:02]} e5 {[%emt
0:00:01]} 38. Rd3 {[%emt 0:00:05]} f5 {[%emt 0:00:01]} 39. Rd7 {[%emt 0:00:03]}
fxe4+ {[%emt 0:00:02]} 40. Kxe4 {[%emt 0:00:01]} Qf4+ {[%emt 0:00:01]} 41. Kd5
{[%emt 0:00:02]} Qd2+ {[%emt 0:00:03]} 42. Ke6 {[%emt 0:00:03]} Qxd7+ {[%emt
0:00:00]} 43. Kxd7 {[%emt 0:00:01]} e4 {[%emt 0:00:00]} 44. Kc7 {[%emt
0:00:01]} e3 {[%emt 0:00:00]} 45. Kb7 {[%emt 0:00:01]} e2 {[%emt 0:00:00]} 46.
Kxa7 { [%emt 0:00:01]} e1=Q {[%emt 0:00:00]} 47. b4 {[%emt 0:00:01]} Rc8 {[%emt
0:00:01]} 48. b5 {[%emt 0:00:06]} Qa5+ {[%emt 0:00:01]} 49. Kb7 {[%emt
0:00:01]} Qc7+ {[%emt 0:00:01]} 50. Ka6 {[%emt 0:00:01]} Ra8# {[%emt 0:00:01]}
0-1

[Event "DSJ Weihnachtsturnier U20 2020"]
[Site "https://play.chessbase.com/en/play?room=DSJWeihnachtU20"]
[Date "2020.12.29"]
[Round "1"]
[White "Kraft, Adrian"]
[Black "Martin, Julian"]
[Result "0-1"]
[Termination "normal"]
[Board "4.1"]
[BlackTitle "IM"]
[WhiteElo "1764"]
[BlackElo "2387"]
[WhiteTeam "SC Borussia Lichtenberg"]
[BlackTeam "OSG Baden-Baden"]
[PlyCount "68"]
[WhiteFideId "16235010"]
[BlackFideId "12941000"]
[EventRounds "7"]
[EventType "team-swiss"]
[EventDate "2020.12.29"]

1. c4 {[%emt 0:00:13]} Nf6 {[%emt 0:00:03]} 2. Nc3 {[%emt 0:00:03]} e5 { [%emt
0:00:01]} 3. g3 {[%emt 0:00:03]} Bb4 {[%emt 0:00:08]} 4. Bg2 {[%emt 0:00:04]}
O-O {[%emt 0:00:02]} 5. Nf3 {[%emt 0:00:06]} e4 {[%emt 0:00:08]} 6. Nd4 { [%emt
0:00:11]} Re8 {[%emt 0:00:14]} 7. O-O {[%emt 0:00:05]} h6 {[%emt 0:00:35] } 8.
Nd5 {[%emt 0:01:08]} Nxd5 {[%emt 0:00:06]} 9. cxd5 {[%emt 0:00:02]} c6 { [%emt
0:00:06]} 10. a3 {[%emt 0:01:08]} Bf8 {[%emt 0:00:03]} 11. dxc6 {[%emt
0:00:13]} dxc6 {[%emt 0:00:04]} 12. Nb3 {[%emt 0:00:12]} Bg4 {[%emt 0:00:12]}
13. d3 {[%emt 0:00:00]} exd3 {[%emt 0:00:04]} 14. Qxd3 {[%emt 0:00:20]} Bxe2 {
[%emt 0:00:06]} 15. Qxd8 {[%emt 0:00:09]} Rxd8 {[%emt 0:00:01]} 16. Re1 { [%emt
0:00:07]} Bc4 {[%emt 0:00:04]} 17. Na5 {[%emt 0:00:33]} Ba6 {[%emt 0:00:01]}
18. Bf4 {[%emt 0:00:18]} Nd7 {[%emt 0:00:01]} 19. Bh3 {[%emt 0:00:18]} Nc5
{[%emt 0:00:05]} 20. Bc7 {[%emt 0:00:00]} Re8 {[%emt 0:00:03]} 21. b4 {[%emt
0:00:12]} Nd3 {[%emt 0:00:09]} 22. Rxe8 {[%emt 0:00:52]} Rxe8 {[%emt 0:00:02]}
23. Bf1 {[%emt 0:00:07]} g5 {[%emt 0:00:27]} 24. Nxb7 {[%emt 0:00:00]} Bg7 {
[%emt 0:00:47]} 25. Bxd3 {[%emt 0:01:09]} Bxd3 {[%emt 0:00:02]} 26. Rd1 { [%emt
0:00:04]} Bc2 {[%emt 0:00:03]} 27. Rc1 {[%emt 0:00:32]} Bb3 {[%emt 0:00:02]}
28. Nc5 {[%emt 0:00:08]} Bd5 {[%emt 0:00:03]} 29. Rd1 {[%emt 0:00:13]} Bf3
{[%emt 0:00:11]} 30. Rb1 {[%emt 0:00:07]} Bd4 {[%emt 0:00:07]} 31. a4 {[%emt
0:00:30]} Re2 {[%emt 0:00:03]} 32. Nd3 {[%emt 0:00:06]} Rd2 {[%emt 0:00:02]}
33. Ne1 {[%emt 0:00:41]} Be4 {[%emt 0:00:14]} 34. Nf3 {[%emt 0:00:00]} Bxf3 {
[%emt 0:00:06]} 0-1

[Event "DSJ Weihnachtsturnier U20 2020"]
[Site "https://play.chessbase.com/en/play?room=DSJWeihnachtU20"]
[Date "2020.12.29"]
[Round "1"]
[White "Schmider, Niklas"]
[Black "Wadepfuhl, Jeremy"]
[Result "1-0"]
[Termination "normal"]
[Board "4.2"]
[WhiteTitle "FM"]
[WhiteElo "2303"]
[BlackElo "1714"]
[WhiteTeam "OSG Baden-Baden"]
[BlackTeam "SC Borussia Lichtenberg"]
[PlyCount "39"]
[WhiteFideId "12993778"]
[BlackFideId "16243471"]
[EventRounds "7"]
[EventType "team-swiss"]
[EventDate "2020.12.29"]

1. e4 {[%emt 0:00:11]} c6 {[%emt 0:00:02]} 2. d4 {[%emt 0:00:05]} d5 {[%emt
0:00:01]} 3. e5 {[%emt 0:00:02]} c5 {[%emt 0:00:01]} 4. dxc5 {[%emt 0:00:02]}
e6 {[%emt 0:00:01]} 5. a3 {[%emt 0:00:02]} Bxc5 {[%emt 0:00:02]} 6. b4 {[%emt
0:00:06]} Bb6 {[%emt 0:00:13]} 7. Qg4 {[%emt 0:00:04]} Kf8 {[%emt 0:00:33]} 8.
Nf3 {[%emt 0:00:17]} a5 {[%emt 0:00:05]} 9. Bb2 {[%emt 0:00:28]} axb4 {[%emt
0:00:04]} 10. axb4 {[%emt 0:00:00]} Rxa1 {[%emt 0:00:02]} 11. Bxa1 {[%emt
0:00:01]} Nc6 {[%emt 0:00:52]} 12. b5 {[%emt 0:00:20]} Na5 {[%emt 0:00:24]} 13.
Bd3 {[%emt 0:00:08]} Ne7 {[%emt 0:00:20]} 14. O-O {[%emt 0:00:12]} Qc7 {[%emt
0:00:13]} 15. Nbd2 {[%emt 0:00:15]} Bd7 {[%emt 0:00:15]} 16. Bd4 {[%emt
0:00:30]} Nf5 {[%emt 0:01:33]} 17. Bxb6 {[%emt 0:00:14]} Qxb6 {[%emt 0:00:00]}
18. Qb4+ { [%emt 0:00:05]} Ne7 {[%emt 0:01:06]} 19. Ra1 {[%emt 0:00:16]} Nac6
{[%emt 0:00:17]} 20. Qd6 {[%emt 0:00:21]} 1-0

[Event "DSJ Weihnachtsturnier U20 2020"]
[Site "https://play.chessbase.com/en/play?room=DSJWeihnachtU20"]
[Date "2020.12.29"]
[Round "1"]
[White "Gillmeister, Gino"]
[Black "Doll, Alexander"]
[Result "1-0"]
[Termination "normal"]
[Board "4.3"]
[WhiteElo "1587"]
[BlackElo "2136"]
[WhiteTeam "SC Borussia Lichtenberg"]
[BlackTeam "OSG Baden-Baden"]
[PlyCount "132"]
[WhiteFideId "16224914"]
[BlackFideId "16228294"]
[EventRounds "7"]
[EventType "team-swiss"]
[EventDate "2020.12.29"]

1. b3 {[%emt 0:00:04]} e5 {[%emt 0:00:04]} 2. Bb2 {[%emt 0:00:02]} Nc6 { [%emt
0:00:01]} 3. e3 {[%emt 0:00:00]} d5 {[%emt 0:00:01]} 4. Bb5 {[%emt 0:00:00]}
Bd6 {[%emt 0:00:03]} 5. c4 {[%emt 0:00:01]} dxc4 {[%emt 0:00:07]} 6. bxc4
{[%emt 0:00:00]} Nf6 {[%emt 0:00:03]} 7. d4 {[%emt 0:00:05]} exd4 {[%emt
0:00:04]} 8. exd4 {[%emt 0:00:00]} O-O {[%emt 0:00:06]} 9. Bxc6 {[%emt
0:00:01]} bxc6 {[%emt 0:00:01]} 10. Ne2 {[%emt 0:00:15]} Re8 {[%emt 0:00:11]}
11. O-O { [%emt 0:00:06]} Bg4 {[%emt 0:00:12]} 12. Nbc3 {[%emt 0:00:23]} Rb8
{[%emt 0:00:08]} 13. Qc2 {[%emt 0:00:06]} Nh5 {[%emt 0:00:21]} 14. h3 {[%emt
0:00:12]} Qh4 {[%emt 0:00:40]} 15. c5 {[%emt 0:00:21]} Bxe2 {[%emt 0:02:01]}
16. Nxe2 { [%emt 0:00:17]} Nf4 {[%emt 0:00:33]} 17. Nxf4 {[%emt 0:01:18]} Bxf4
{[%emt 0:00:06]} 18. Rfe1 {[%emt 0:00:12]} Qg5 {[%emt 0:01:11]} 19. Bc3 {[%emt
0:00:20]} Qd5 {[%emt 0:00:20]} 20. Qa4 {[%emt 0:00:49]} Red8 {[%emt 0:00:52]}
21. g3 { [%emt 0:00:17]} Bxg3 {[%emt 0:00:26]} 22. fxg3 {[%emt 0:00:18]} Qf3
{[%emt 0:00:02]} 23. Qc4 {[%emt 0:00:43]} Qxg3+ {[%emt 0:00:05]} 24. Kh1 {[%emt
0:00:03] } Qxh3+ {[%emt 0:00:04]} 25. Kg1 {[%emt 0:00:02]} Qg3+ {[%emt
0:00:02]} 26. Kh1 {[%emt 0:00:02]} Rd5 {[%emt 0:00:17]} 27. Re5 {[%emt
0:00:18]} Rbd8 {[%emt 0:00:30]} 28. Rae1 {[%emt 0:00:06]} h6 {[%emt 0:00:18]}
29. R1e3 {[%emt 0:00:17]} Qh4+ {[%emt 0:00:06]} 30. Kg1 {[%emt 0:00:12]} Kh7
{[%emt 0:00:25]} 31. Qd3+ { [%emt 0:00:03]} g6 {[%emt 0:00:07]} 32. Qe4 {[%emt
0:00:12]} Qf6 {[%emt 0:00:13]} 33. Rf3 {[%emt 0:00:06]} Rxe5 {[%emt 0:00:10]}
34. dxe5 {[%emt 0:00:07]} Qg5+ {[%emt 0:00:06]} 35. Kf2 {[%emt 0:00:06]} Qe7
{[%emt 0:00:14]} 36. Qc4 { [%emt 0:00:13]} Rd5 {[%emt 0:00:04]} 37. Qf4 {[%emt
0:00:07]} Rxc5 {[%emt 0:00:09]} 38. Qxf7+ {[%emt 0:00:08]} Qxf7 {[%emt
0:00:01]} 39. Rxf7+ {[%emt 0:00:03] } Kg8 {[%emt 0:00:01]} 40. Rf3 {[%emt
0:00:01]} Rc4 {[%emt 0:00:14]} 41. Ke2 { [%emt 0:00:41]} g5 {[%emt 0:00:19]}
42. Kd3 {[%emt 0:00:03]} Rf4 {[%emt 0:00:09]} 43. Rxf4 {[%emt 0:00:07]} gxf4
{[%emt 0:00:00]} 44. Ke4 {[%emt 0:00:01]} Kf7 {[%emt 0:00:01]} 45. Kxf4 {[%emt
0:00:01]} Ke6 {[%emt 0:00:03]} 46. Ba5 { [%emt 0:00:05]} c5 {[%emt 0:00:02]}
47. Bxc7 {[%emt 0:00:02]} c4 {[%emt 0:00:00]} 48. Ba5 {[%emt 0:00:02]} a6
{[%emt 0:00:02]} 49. Bc3 {[%emt 0:00:02]} h5 { [%emt 0:00:02]} 50. Kg5 {[%emt
0:00:01]} Kd5 {[%emt 0:00:01]} 51. Kxh5 { [%emt 0:00:01]} Ke4 {[%emt 0:00:00]}
52. e6 {[%emt 0:00:01]} Kd3 {[%emt 0:00:00]} 53. e7 {[%emt 0:00:01]} Kxc3
{[%emt 0:00:00]} 54. e8=Q {[%emt 0:00:01]} Kb2 {[%emt 0:00:00]} 55. Qa4 {[%emt
0:00:01]} c3 {[%emt 0:00:02]} 56. Qb4+ { [%emt 0:00:02]} Kc2 {[%emt 0:00:04]}
57. Kg4 {[%emt 0:00:07]} Kd3 {[%emt 0:00:01]} 58. Qd6+ {[%emt 0:00:03]} Ke2
{[%emt 0:00:02]} 59. Qe5+ {[%emt 0:00:03]} Kd2 {[%emt 0:00:01]} 60. Qd4+ {[%emt
0:00:01]} Kc2 {[%emt 0:00:01]} 61. Kf3 { [%emt 0:00:02]} Kb2 {[%emt 0:00:04]}
62. Qb4+ {[%emt 0:00:04]} Kc2 {[%emt 0:00:06]} 63. Ke3 {[%emt 0:00:02]} a5
{[%emt 0:00:02]} 64. Qxa5 {[%emt 0:00:03]} Kb2 {[%emt 0:00:00]} 65. Qb4+ {[%emt
0:00:03]} Kc2 {[%emt 0:00:01]} 66. a4 { [%emt 0:00:03]} Kd1 {[%emt 0:00:01]}
1-0

[Event "DSJ Weihnachtsturnier U20 2020"]
[Site "https://play.chessbase.com/en/play?room=DSJWeihnachtU20"]
[Date "2020.12.29"]
[Round "1"]
[White "Chernykh, Arkady"]
[Black "Schöneberg, Kevin"]
[Result "1-0"]
[Termination "normal"]
[Board "4.4"]
[WhiteElo "2125"]
[BlackElo "946"]
[WhiteTeam "OSG Baden-Baden"]
[BlackTeam "SC Borussia Lichtenberg"]
[PlyCount "37"]
[WhiteFideId "12989436"]
[EventRounds "7"]
[EventType "team-swiss"]
[EventDate "2020.12.29"]

1. e4 {[%emt 0:00:04]} c6 {[%emt 0:00:01]} 2. Nc3 {[%emt 0:00:03]} d5 {[%emt
0:00:02]} 3. Qe2 {[%emt 0:00:01]} d4 {[%emt 0:00:14]} 4. Nd1 {[%emt 0:00:03]}
e5 {[%emt 0:00:02]} 5. d3 {[%emt 0:00:03]} Nf6 {[%emt 0:00:02]} 6. g3 {[%emt
0:00:08]} Be7 {[%emt 0:00:07]} 7. Bg2 {[%emt 0:00:03]} O-O {[%emt 0:00:02]} 8.
f4 { [%emt 0:00:16]} exf4 {[%emt 0:00:29]} 9. gxf4 {[%emt 0:00:00]} Bg4 {[%emt
0:00:12]} 10. Nf3 {[%emt 0:00:02]} Bxf3 {[%emt 0:00:20]} 11. Qxf3 {[%emt
0:00:08]} Re8 {[%emt 0:00:16]} 12. O-O {[%emt 0:00:03]} Nbd7 {[%emt 0:01:08]}
13. Bd2 { [%emt 0:00:11]} Qb6 {[%emt 0:00:05]} 14. Kh1 {[%emt 0:00:16]} Qxb2
{[%emt 0:00:18]} 15. Nxb2 {[%emt 0:00:11]} c5 {[%emt 0:00:30]} 16. a4 {[%emt
0:00:06]} b6 { [%emt 0:00:04]} 17. Nc4 {[%emt 0:00:02]} Nf8 {[%emt 0:00:28]}
18. e5 {[%emt 0:00:03]} N6d7 {[%emt 0:00:09]} 19. Rae1 {[%emt 0:00:08]} 1-0